000
00319nam a22001337a 4500
008
170403b xxu||||| |||| 00| 0 eng d
020
_a
0761828761
041
_a
eng
080
_a
574
100
_a
9
101
_a
SHM
245
_a
ETHNICITIES, COMMUNITY MAKING, AND AGRARIAN CHANGE
_c
IIAHIANE, H
942
_2
udc
_c
BK
999
_c
9558
_d
9558